Chomsky o Skinner? La génesis del lenguaje

Wedi'i Gadw mewn:
Manylion Llyfryddiaeth
Prif Awdur: Chomsky, N.
Fformat: Llyfr
Iaith:Undetermined
Cyhoeddwyd: Barcelona, España Fontanella 1977
Pynciau:
Tagiau: Ychwanegu Tag
Dim Tagiau, Byddwch y cyntaf i dagio'r cofnod hwn!

MARC

LEADER 00000nam a2200000Ia 4500
008 170316s9999 xx 000 0 und d
090 |a 410 Ch-7ch 
100 |a Chomsky, N. 
245 |a Chomsky o Skinner? La génesis del lenguaje 
260 |a Barcelona, España 
260 |b Fontanella 
260 |c 1977 
300 |a 232 páginas 
650 |a LINGÜÍSTICA 
999 |c 18323  |d 18323 
040 |a cru BVZT 
942 |c 15 D  |h 410 Ch-7ch  |2 z